Central Library OPAC University of Rajshahi

اردو کا کلاسیکی ادب رسول ہند ## urdu ka kalasiki adab rasul hind / (Record no. 80320)

MARC details
000 -LEADER
fixed length control field 00730nam a22002057a 4500
001 - CONTROL NUMBER
control field 79208
003 - CONTROL NUMBER IDENTIFIER
rucl marc code BD-RjUL
005 - DATE AND TIME OF LATEST TRANSACTION
control field 20220908131111.0
008 - FIXED-LENGTH DATA ELEMENTS--GENERAL INFORMATION
fixed length control field 220117s1961 pk ||||| |||| 00| 0 urd d
035 ## - SYSTEM CONTROL NUMBER
System control number (BD-RjUL)79208
040 ## - CATALOGING SOURCE
Original cataloging agency BD-RjUL
Language of cataloging eng
Transcribing agency BD-RjUL
041 ## - LANGUAGE CODE
Language code of text/sound track or separate title urd
082 ## - DEWEY DECIMAL CLASSIFICATION NUMBER
Edition number 23
Classification number 491.439
Author mark and year DEU 1961
100 ## - MAIN ENTRY--PERSONAL NAME
Personal name Dehlvi, Pear Lal Ashob ## دہلوی, پیارے لال اشوب
9 (RLIN) 782
245 ## - TITLE STATEMENT
Title اردو کا کلاسیکی ادب رسول ہند ## urdu ka kalasiki adab rasul hind /
Statement of responsibility, etc. Piari Lal Ashob Dehlvi ;; پیارے لال اشوب دہلوی
260 ## - PUBLICATION, DISTRIBUTION, ETC. (IMPRINT)
Place of publication, distribution, etc. لاہور ;; Lahore :
Name of publisher, distributor, etc. Majlise taraqi Adab,
Date of publication, distribution, etc. 1961
300 ## - PHYSICAL DESCRIPTION
Pagination 360 p. ;
Size 21 cm
650 ## - SUBJECT ADDED ENTRY--TOPICAL TERM
Topical term or geographic name as entry element Urdu Languae
9 (RLIN) 783
942 ## - ADDED ENTRY ELEMENTS (KOHA)
Source of classification or shelving scheme Dewey Decimal Classification
Koha item type Books
Holdings
Lost status Source of classification or shelving scheme Damaged status Not for loan Collection code Permanent Location Current Location Shelving location Date acquired Full call number Date last seen Copy number Koha item type
  Dewey Decimal Classification   Not For Loan Non-fiction Central Library, University of Rajshahi Central Library, University of Rajshahi Reading Room 08/09/2022 U 491.439 DEU 1961 08/09/2022 C-1 Books